| Tag |
First Indicator |
Second Indicator |
Subfields |
| LEADER |
00000cam a2200000 a 4500 |
| 001 |
in00000011786 |
| 005 |
20151007051708.0 |
| 008 |
870311s1987 nyua b 00110 eng |
| 010 |
|
|
|a 87007009
|
| 020 |
|
|
|a 030642150X
|
| 035 |
|
|
|a (OCoLC)15485982
|
| 035 |
|
|
|9 AAA4332AM
|
| 040 |
|
|
|a DLC
|c DLC
|d TXA
|d UtOrBLW
|
| 041 |
1 |
|
|a eng
|a ger
|
| 049 |
|
|
|a TXAM
|c [A12644875]
|
| 050 |
0 |
0 |
|a TJ810
|b .J87 1987
|
| 082 |
0 |
|
|a 665.8/1
|2 19
|
| 100 |
1 |
|
|a Justi, Eduard W.
|
| 245 |
1 |
2 |
|a A solar-hydrogen energy system /
|c Eduard W. Justi ; with the collaboration of P.W. Brennecke [and others] ; translated W. Schuh and K. Claus with the assistance of J. O'M. Bockris.
|
| 264 |
|
1 |
|a New York :
|b Plenum Press,
|c [1987]
|
| 264 |
|
4 |
|c ©1987
|
| 300 |
|
|
|a xiv, 334 pages :
|b illustrations ;
|c 24 cm.
|
| 336 |
|
|
|a text
|b txt
|2 rdacontent
|
| 337 |
|
|
|a unmediated
|b n
|2 rdamedia
|
| 338 |
|
|
|a volume
|b nc
|2 rdacarrier
|
| 500 |
|
|
|a "A revised and updated text based upon an authorized translation from German of Wasserstoff--die Energie für alle Zeiten ... by John O'M. Bockris and Eduard W. Justi"--Title page verso.
|
| 504 |
|
|
|a Includes bibliographies and index.
|
| 650 |
|
0 |
|a Solar energy.
|
| 650 |
|
0 |
|a Hydrogen as fuel.
|
| 700 |
1 |
|
|a Bockris, J. O'M.
|q (John O'M.),
|d 1923-
|t Wasserstoff--die Energie für alle Zeiten.
|
| 999 |
|
|
|a MARS
|
| 999 |
f |
f |
|s dfb3bc12-578c-33ed-9852-3c6099f83e7f
|i 3b463270-5abc-349b-9672-c593dd4551ac
|t 0
|
| 952 |
f |
f |
|p ric
|a Texas A&M University
|b Rellis Campus
|c Joint Library Facility
|d Remote Storage
|t 0
|e TJ810 .J87 1987
|h Library of Congress classification
|i unmediated -- volume
|m A14812644875
|
| 998 |
f |
f |
|a TJ810 .J87 1987
|t 0
|l Remote Storage
|